000
00244nam a22000977a 4500
082
_a
658 WOR'L
245
_a
WORLD EXECUTIVE DIGEST THE EXECUTIVE AS FAMILY MAN
260
_a
KENNEDY
_b
1982
_c
TERRENCE A. DEAL
300
_a
128P VOL-2
942
_c
BK
999
_c
581027
_d
581027